Équipe Stade toulousain finale Coupe d'Europe 2021. - Statistiques

Statistiques générales
  • Ce quiz a été pris 214 fois
  • Le résultat moyen est 18 sur 23
Statistiques - réponses
Joueur % Correct
9. {Antoine Dupont}
100%
10. {Romain Ntamack}
99%
1. {Cyril Baille}
98%
2. {Péato Mauvaka}
95%
16. {Guillaume Marchand}
94%
7. {François Cros}
93%
11. {Matthis Lebel}
91%
23. {Thomas Ramos}
89%
5. {Richard Arnold}
88%
4. {Rory Arnold}
88%
12. {Pita Ahki}
87%
15. {Maxime Médard}
80%
13. {Juan Cruz Mallia}
78%
14. {Cheslin Kolbe}
71%
20. {Thibaud Flament}
70%
3. {Charlie Faumuina}
69%
8. {Jerome Kaino}
68%
6. {Rynhardt Elstadt}
59%
18. {David Ainuu}
55%
19. {Joe Tekori}
55%
21. {Selevasio Tolofua}
55%
22. {Baptiste Germain}
49%
17. {Clément Castets}
32%
Aucun quiz correspondant
Distribution des résultats
% des personnes avec chaque résultat
Percentile par nombre de réponses
Votre historique - résultats
Vous n’avez pas pris ce quiz